000 00616nam a22001937a 4500
003 OSt
005 20260224000136.0
008 260223b |||||||| |||| 00| 0 eng d
020 _a978-1-59339-398-4 volume
040 _aDWCL-Main Lib
_cOC
082 _aGR. 603 B862 2008
110 _aENCYLOPAEDIA BRITANICA
_eCorporate Author
245 _aBritanica illustrated science library : technology
260 _aChicago :
_bEncyclopaedia Britanica,
_cc2008
300 _a101 p. :
_bill. ( col. ) ;
_c26 cm.
504 _aIncludes glossary and index.
650 _aTechnology - inventions.
942 _2ddc
_cGR
_mGR.
_n0
999 _c8505
_d8505